Arboles de los bosques interandinos del norte del Ecuador / (Registro nro. 1938)

Detalles MARC
000 -CABECERA
Campo de control 00826nam a2200253 i 4500
005 - FECHA Y HORA DE LA ULTIMA TRANSACCION
Campo de control 20180803164942.0
008 - ELEMENTOS DE LONGITUD FIJA—INFORMACION GENERAL
Campo de control 140303b1995 ec ||||| |||| 00| 0 spa d
040 ## - FUENTE DE CATALOGACIÓN
Agencia catalogadora original CO-BoIAVH
Agencia transcriptora CO-BoIAVH
041 ## - IDIOMA
Código de idioma para texto/pista de sonido o título separado Español
044 ## - PAÍS DE PUBLICACIÓN
País de publicación Ecuador
082 04 - NUMERO DE CLASIFICACION DECIMAL DEWEY
Número de clasificación 582.1609866
Número del ítem C96a
100 1# - ASIENTO PRINCIPAL--NOMBRE PERSONAL
Nombre personal Cuamacás, S. Bibiana
9 (RLIN) 13822
245 10 - MENCION DE TITULO
Título Arboles de los bosques interandinos del norte del Ecuador /
Mención de responsabilidad S. Bibiana Cuamacás & Galo A. Tipaz.
260 ## - PUBLICACION, DISTRIBUCION, ETC. (PIE DE IMPRENTA)
Lugar de publicación, distribución, etc. Quito :
Nombre del editor, distribuidor, etc. Museo Ecuatoriano de Ciencias Naturales,
Fecha de publicación, distribución, etc. 1995.
300 ## - DESCRIPCION FISICA
Extensión 231 páginas
490 00 - MENCION DE SERIE
Mención de serie Monografía ;
Designación numérica/secuencial del volumen 4
650 14 - ASIENTO SECUNDARIO DE MATERIA - TERMINO TEMATICO
Término temático o nombre geográfico como elemento de entrada Arboles
Subdivisión general Clasificación
Subdivisión geográfica Ecuador.
9 (RLIN) 59357
650 24 - ASIENTO SECUNDARIO DE MATERIA - TERMINO TEMATICO
Término temático o nombre geográfico como elemento de entrada Arboles
Subdivisión general Identificación
Subdivisión geográfica Ecuador.
9 (RLIN) 59358
650 24 - ASIENTO SECUNDARIO DE MATERIA - TERMINO TEMATICO
Término temático o nombre geográfico como elemento de entrada Arboles
Subdivisión geográfica Ecuador.
9 (RLIN) 59359
650 24 - ASIENTO SECUNDARIO DE MATERIA - TERMINO TEMATICO
Término temático o nombre geográfico como elemento de entrada Bosques
9 (RLIN) 92270
662 ## - ASIENTO SECUNDARIO DE MATERIA - JERARQUIA DEL NOMBRE DE LUGAR(
País o entidad mayor Ecuador
700 1# - ASIENTO SECUNDARIO - NOMBRE PERSONAL
Nombre personal Tipaz, Galo A.
Término de relación autor.
9 (RLIN) 13825
942 ## - ELEMENTOS ADICIONALES (KOHA)
Tipo de ítem Libro
Sistema de clasificación Dewey Decimal Classification
Existencias
Withdrawn status Lost status Sistema de Clasificación Damaged status No para préstamo Colección Inventariado Ubicación Permanente Ubicación actual Fecha de adquisición Fuente de Valor Valor Total Checkouts Número topográfico Inventario / Código de Barras Date last seen Ejemplar Price effective from Forma de adquisición Tipo de material
    Dewey Decimal Classification     General Inventariado 2017 Bogotá Bogotá 26/01/2001 Instituto 39000.00   LB-582.1609866 C96a 002420 04/12/2012 Ej. 1 04/12/2012   Libro